Ο κλόουν ως οιονεί μεθοριακός χαρακτήρας : μια συγκριτική προσέγγιση : διπλωματική εργασία

Saved in:
Bibliographic Details
Main Author: Μουστάκας, Παναγιώτης
Corporate Author: Πανεπιστήμιο Αιγαίου. Σχολή Κοινωνικών Επιστημών. Τμήμα Κοινωνικής Ανθρωπολογίας και Ιστορίας. Πρόγραμμα Μεταπτυχιακών Σπουδών Κοινωνική και Ιστορική Ανθρωπολογία
Format: Thesis Book
Language:Greek
Published: 2009.
Subjects:
Online Access:http://hdl.handle.net/11610/14488
Tags: Add Tag
No Tags, Be the first to tag this record!

MARC

LEADER 00000cam a2200000 i 4500
001 1/10069
008 100826s2009 gre d
035 |l 10108876 
040 |a GR-MY-UA  |b gre  |e aacr 
041 0 |a gre 
082 0 |a 791.3  |2 (22) 
100 1 |a Μουστάκας, Παναγιώτης. 
245 1 2 |a Ο κλόουν ως οιονεί μεθοριακός χαρακτήρας :  |b μια συγκριτική προσέγγιση : διπλωματική εργασία /  |c Μουστάκας Παναγιώτης ; επιβλέπων καθηγητής: Θεόδωρος Παραδέλλης.  
260 |c 2009.  
300 |a 94 σ. ;   |c 30 εκ.  
500 |a Βιβλιογραφία: σ. [85]-[90].  
502 |a Διατριβή (μεταπτυχιακή) – Πανεπιστήμιο Αιγαίου, Λέσβος, 2009. 
650 0 0 |a Clowning. 
650 0 0 |a Clowns. 
650 0 0 |a Clowns  |x Religious aspects. 
650 0 0 |a Fools and jesters. 
650 0 0 |a Dissertations, Academic  |z Greece. 
700 1 |a Παραδέλλης, Θεόδωρος,  |e dgs 
710 2 |a Πανεπιστήμιο Αιγαίου.   |b Σχολή Κοινωνικών Επιστημών.   |b Τμήμα Κοινωνικής Ανθρωπολογίας και Ιστορίας.   |b Πρόγραμμα Μεταπτυχιακών Σπουδών Κοινωνική και Ιστορική Ανθρωπολογία. 
852 |a INST  |b LESVOS  |c DIATR  |e 20100826  |h 163  |p 005100048623  |q 005100048623  |t MTXE  |y 23 
852 |a INST  |b LESVOS  |c DIATR  |e 20100826  |h 164  |p 005100048622  |q 005100048622  |t MTXE  |y 23 
856 |u http://hdl.handle.net/11610/14488 
901 |a BIBL1-2010-2 
909 |a Λ  |b 165231 
909 |a Λ  |b 165232 
924 |a ΜΟΥΣΤΑΚΑΣ  |b ΠΑΝΑΓΙΩΤΗΣ  |y ΛΕΣΒΟΣ  |z 2010-06 
970 |a ΚΑΜΑΤΣΟΥ  |b ΔΕΣΠΟΙΝΑ  |z 2010/08/26